Probabilidad y estadística aplicadas a la ingeniería

Saved in:
Bibliografiske detaljer
Main Authors: Montgomery, Douglas C. (Author), Runger, George C (Author)
Format: Bog
Sprog:spansk
Udgivet: Ciudad de México McGraw Hill 1996
Fag:
Tags: Tilføj Tag
Ingen Tags, Vær først til at tagge denne postø!

MARC

LEADER 00000nam a2200000 a 4500
001 UCR6899
003 CL-VaPUC
005 20241001090557.0
008 980424e19960000MX |||||||||||||||||spa|d
999 |c 268791  |d 268789 
020 |a 9701010175 
040 |c Pontificia Universidad Católica de Valparaíso 
082 0 4 |a 519.5  |b MON  |2 21 
100 |a Montgomery, Douglas C.  |e author  |9 602209 
245 1 0 |a Probabilidad y estadística aplicadas a la ingeniería 
260 |a Ciudad de México  |b McGraw Hill  |c 1996 
300 |a 895 p 
583 |a last modification  |c 20171031 11:00:24  |k Rodrigo Vera 
650 0 |a Estadística matemática  |9 260028 
650 0 |a Distribución (Teoría de probabilidades)  |9 885830 
650 0 |a Estimación estadística  |9 560346 
650 0 |a Análisis de varianza   |9 336938 
650 0 |a Análisis de regresión   |9 263763 
700 0 |a Runger, George C  |e author  |9 408102 
942 |c BK  |2 ddc 
945 |d 19980424 00:00:00  |a rbrito 
952 |0 0  |1 0  |4 0  |6 519_500000000000000_MON_1996  |7 0  |8 R  |9 302148  |a BIBENE  |b BIBENE  |d 2019-11-20  |i 3410579  |o 519.5 MON 1996  |p 3410579  |r 2025-01-15  |w 2019-11-20  |y BK_R  |k ICO 
952 |0 0  |1 0  |2 ddc  |4 0  |6 519_500000000000000_MON_1996  |7 0  |8 A  |9 302149  |a BIBING  |b BIBING  |c RES  |d 2019-11-20  |i 3459357  |l 1  |o 519.5 MON 1996  |p 3459357  |r 2025-01-20  |s 2022-04-22  |w 2019-11-20  |y BK  |k ING 
952 |0 0  |1 0  |2 ddc  |4 0  |6 519_500000000000000_MON_1996  |7 0  |8 A  |9 302150  |a BIBING  |b BIBING  |c RES  |d 2019-11-20  |i 3459365  |o 519.5 MON 1996  |p 3459365  |r 2025-01-20  |w 2019-11-20  |y BK  |k ING 
952 |0 0  |1 0  |2 ddc  |4 0  |6 519_500000000000000_MON_1996  |7 0  |8 A  |9 302152  |a BIBING  |b BIBING  |c RES  |d 2019-11-20  |i 3459381  |o 519.5 MON 1996  |p 3459381  |r 2025-01-20  |w 2019-11-20  |y BK  |k ING 
952 |0 0  |1 0  |2 ddc  |4 0  |6 519_500000000000000_MON_1996  |7 0  |8 A  |9 302153  |a BIBING  |b BIBING  |c RES  |d 2019-11-20  |i 345939K  |o 519.5 MON 1996  |p 345939K  |r 2025-01-20  |w 2019-11-20  |y BK  |k ING 
952 |0 0  |1 0  |2 ddc  |4 0  |6 519_500000000000000_MON_1996  |7 0  |8 A  |9 302154  |a BIBING  |b BIBING  |c RES  |d 2019-11-20  |i 3459403  |o 519.5 MON 1996  |p 3459403  |r 2025-01-20  |w 2019-11-20  |y BK  |k ING 
952 |0 0  |1 0  |2 ddc  |4 0  |6 519_500000000000000_MON_1996  |7 0  |8 A  |9 302155  |a BIBING  |b BIBING  |c RES  |d 2019-11-20  |i 3459411  |o 519.5 MON 1996  |p 3459411  |r 2025-01-20  |w 2019-11-20  |y BK  |k ING 
952 |0 0  |1 0  |2 ddc  |4 0  |6 519_500000000000000_MON_1996  |7 0  |8 A  |9 302157  |a BIBING  |b BIBING  |c RES  |d 2019-11-20  |i 3459438  |o 519.5 MON 1996  |p 3459438  |r 2025-01-20  |w 2019-11-20  |y BK  |k ING 
952 |0 0  |1 0  |2 ddc  |4 0  |6 519_500000000000000_MON_1996  |7 0  |8 A  |9 302158  |a BIBING  |b BIBING  |c RES  |d 2019-11-20  |i 3459446  |o 519.5 MON 1996  |p 3459446  |r 2025-01-20  |w 2019-11-20  |y BK  |k ING 
952 |0 0  |1 0  |4 0  |6 519_500000000000000_MON_1996  |7 0  |8 A  |9 302159  |a BIBMAT  |b BIBMAT  |d 2019-11-20  |i 3459454  |o 519.5 MON 1996  |p 3459454  |r 2025-01-07  |w 2019-11-20  |y BK  |k MAT 
952 |0 0  |1 0  |4 0  |6 519_500000000000000_MON_1996  |7 0  |8 A  |9 302160  |a BIBMAT  |b BIBMAT  |d 2019-11-20  |i 3459462  |o 519.5 MON 1996  |p 3459462  |r 2025-01-07  |w 2019-11-20  |y BK  |k MAT 
952 |0 0  |1 0  |4 0  |6 519_500000000000000_MON_1996  |7 0  |8 A  |9 302161  |a BIBMAT  |b BIBMAT  |d 2019-11-20  |i 3459470  |o 519.5 MON 1996  |p 3459470  |r 2025-01-07  |w 2019-11-20  |y BK  |k MAT 
952 |0 0  |1 0  |4 0  |6 519_500000000000000_MON_1996  |7 0  |8 A  |9 302163  |a BIBMAT  |b BIBMAT  |d 2019-11-20  |i 3459497  |o 519.5 MON 1996  |p 3459497  |r 2025-01-07  |w 2019-11-20  |y BK  |k MAT 
952 |0 0  |1 0  |4 0  |6 519_500000000000000_MON_1996  |7 0  |8 A  |9 302165  |a BIBMAT  |b BIBMAT  |d 2019-11-20  |i 3459519  |o 519.5 MON 1996  |p 3459519  |r 2025-01-07  |w 2019-11-20  |y BK  |k MAT 
952 |0 0  |1 0  |4 0  |6 519_500000000000000_MON_1996  |7 0  |8 A  |9 302166  |a BIBMAT  |b BIBMAT  |d 2019-11-20  |i 3459527  |o 519.5 MON 1996  |p 3459527  |r 2025-01-07  |w 2019-11-20  |y BK  |k MAT 
952 |0 0  |1 0  |4 0  |6 519_500000000000000_MON_1996  |7 0  |8 A  |9 302167  |a BIBMAT  |b BIBMAT  |d 2019-11-20  |i 3459543  |o 519.5 MON 1996  |p 3459543  |r 2025-01-07  |w 2019-11-20  |y BK  |k MAT 
952 |0 0  |1 0  |2 ddc  |4 0  |6 519_500000000000000_MON_1996  |7 0  |8 A  |9 302169  |a BIBING  |b BIBING  |c RES  |d 2019-11-20  |i 3632547  |l 1  |o 519.5 MON 1996  |p 3632547  |r 2025-01-20  |s 2024-11-13  |w 2019-11-20  |y BK  |k ING 
952 |0 0  |1 0  |2 ddc  |4 0  |6 519_500000000000000_MON_1996  |7 0  |8 A  |9 302170  |a BIBING  |b BIBING  |c RES  |d 2019-11-20  |i 3632555  |l 2  |o 519.5 MON 1996  |p 3632555  |r 2025-01-20  |s 2021-06-01  |w 2019-11-20  |y BK  |k ING 
952 |0 0  |1 0  |2 ddc  |4 0  |6 519_500000000000000_MON_1996  |7 0  |8 A  |9 302171  |a BIBING  |b BIBING  |c RES  |d 2019-11-20  |i 3742040  |l 4  |m 4  |o 519.5 MON 1996  |p 3742040  |q 2025-05-16  |r 2025-05-09  |s 2025-05-09  |w 2019-11-20  |y BK  |k ING 
952 |0 0  |1 0  |4 0  |6 519_500000000000000_MON_1996  |7 0  |8 A  |9 302172  |a BIBCUR  |b BIBCUR  |d 2019-11-20  |i 3750698  |l 1  |o 519.5 MON 1996  |p 3750698  |r 2025-04-22  |s 2024-11-07  |w 2019-11-20  |y BK  |k BAC 
952 |0 0  |1 0  |2 ddc  |4 0  |6 519_500000000000000_MON_1996  |7 0  |8 A  |9 302173  |a BIBING  |b BIBING  |c RES  |d 2019-11-20  |i 3783545  |o 519.5 MON 1996  |p 3783545  |r 2025-01-20  |w 2019-11-20  |y BK  |k EIB 
952 |0 0  |1 0  |2 ddc  |4 0  |6 519_500000000000000_MON_1996  |7 0  |8 A  |9 302174  |a BIBING  |b BIBING  |c RES  |d 2019-11-20  |i 3783553  |l 1  |o 519.5 MON 1996  |p 3783553  |r 2025-01-20  |s 2024-08-23  |w 2019-11-20  |y BK  |k EIB 
952 |0 0  |1 0  |2 ddc  |4 0  |6 519_500000000000000_MON_1996  |7 0  |8 A  |9 302175  |a BIBING  |b BIBING  |c RES  |d 2019-11-20  |i 3783561  |o 519.5 MON 1996  |p 3783561  |r 2025-01-20  |w 2019-11-20  |y BK  |k EIB 
952 |0 0  |1 0  |2 ddc  |4 0  |6 519_500000000000000_MON_1996  |7 0  |8 A  |9 302176  |a BIBING  |b BIBING  |d 2019-11-20  |i 378357K  |o 519.5 MON 1996  |p 378357K  |r 2025-01-20  |w 2019-11-20  |y BK  |k EIB 
952 |0 0  |1 0  |2 ddc  |4 0  |6 519_500000000000000_MON_1996  |7 0  |8 A  |9 302177  |a BIBING  |b BIBING  |c RES  |d 2019-11-20  |i 3783588  |o 519.5 MON 1996  |p 3783588  |r 2025-01-20  |w 2019-11-20  |y BK  |k EIB 
952 |0 0  |1 0  |2 ddc  |4 0  |6 519_500000000000000_MON_1996  |7 0  |8 A  |9 302178  |a BIBING  |b BIBING  |c RES  |d 2019-11-20  |i 3783596  |o 519.5 MON 1996  |p 3783596  |r 2025-01-20  |w 2019-11-20  |y BK  |k EIB 
952 |0 0  |1 0  |4 0  |6 519_500000000000000_MON_1996  |7 0  |8 A  |9 302179  |a BIBCUR  |b BIBCUR  |d 2019-11-20  |i 3910318  |l 1  |o 519.5 MON 1996  |p 3910318  |r 2025-04-22  |s 2022-04-18  |w 2019-11-20  |y BK  |k BAC 
952 |0 0  |1 0  |4 0  |6 519_500000000000000_MON_1996  |7 0  |8 A  |9 302180  |a BIBCUR  |b BIBCUR  |d 2019-11-20  |i 3910326  |o 519.5 MON 1996  |p 3910326  |r 2025-04-22  |w 2019-11-20  |y BK  |k BAC 
952 |0 0  |1 0  |4 0  |6 519_500000000000000_MON_1996  |7 0  |8 R  |9 302181  |a BIBGIM  |b BIBGIM  |d 2019-11-20  |i 407100K  |o 519.5 MON 1996  |p 407100K  |r 2025-01-15  |w 2019-11-20  |y BK_R  |k EST 
952 |0 0  |1 0  |2 ddc  |4 0  |6 519_500000000000000_MON_1996  |7 0  |8 A  |9 302182  |a BIBING  |b BIBING  |c RES  |d 2019-11-20  |i 4121015  |o 519.5 MON 1996  |p 4121015  |r 2025-01-20  |w 2019-11-20  |y BK  |k ING 
952 |0 0  |1 0  |4 0  |6 519_500000000000000_MON_1996  |7 0  |8 A  |9 302183  |a BIBALI  |b BIBALI  |c RES  |d 2019-11-20  |i 4137515  |o 519.5 MON 1996  |p 4137515  |r 2025-01-20  |w 2019-11-20  |y BK_R  |k ALI 
952 |0 0  |1 0  |4 0  |6 519_500000000000000_MON_1996  |7 0  |8 A  |9 302184  |a BIBALI  |b BIBALI  |c RES  |d 2019-11-20  |i 4137523  |o 519.5 MON 1996  |p 4137523  |r 2025-01-20  |w 2019-11-20  |y BK_R  |k ALI 
952 |0 0  |1 0  |4 0  |6 519_500000000000000_MON_1996  |7 0  |8 A  |9 302185  |a BIBALI  |b BIBALI  |c RES  |d 2019-11-20  |i 4137531  |o 519.5 MON 1996  |p 4137531  |r 2025-01-20  |w 2019-11-20  |y BK_R  |k ALI